El humor judío : una historia seria /

Furkejuvvon:
Bibliográfalaš dieđut
Váldodahkki: Dauber, Jeremy (autor)
Materiálatiipa: Girji
Giella:espánnjágiella
Almmustuhtton: Barcelona, España : Acantilado, 2023, c2023
Ráidu:(El Acantilado ; 461)
Fáttát:
Fáddágilkorat: Lasit fáddágilkoriid
Eai fáddágilkorat, Lasit vuosttaš fáddágilkora!

MARC

LEADER 00000nam^a2200000^a^4500
001 000579298
005 20250521000000.0
009 20260310132526.35
020 |a 978-84-19036-43-8 
037 |a Acervo ITESO - Biblioteca 
041 |a ESP 
082 |a 809. 79352296  |b DAU 
100 |a Dauber, Jeremy  |e (autor) 
245 1 3 |a El humor judío :  |b una historia seria /  |c J. Dauber ; tr. por J.M. Alvarez-Flórez. 
264 4 |a Barcelona, España :  |b Acantilado,  |c 2023, c2023 
300 |a 445 p. 
336 |a texto  |b txt  |2 rdacontenido 
337 |a sin mediación  |b n  |2 rdamedio 
338 |a volumen  |b nc  |2 rdasoporte 
440 4 |a (El Acantilado ;  |v 461) 
500 |a Traducción de: Jewish Comedy: A Serious History 
521 |a FIL 2023 DIA 
649 |a XX 
650 |a Judíos -  |x Historia -  |x Tema Principal 
650 |a Judíos -  |x Condiciones Sociales y Culturales -  |x Tema Principal 
650 |a Escatología -  |x Anécdotas y Chistes -  |x Historia y Crítica 
650 |a Humor -  |x Historia -  |x Tema Principal 
650 |a Antisemitismo en la Literatura -  |x Historia y Crítica 
650 |a Biblia como Literatura 
650 |a Literatura Religiosa -  |x Historia y Crítica 
650 |a Religión y Literatura -  |x Historia y Crítica 
650 |a Literatura y Sociedad -  |x Historia Crítica 
650 |a Literatura Judía -  |x Historia y Crítica -  |x Tema Principal 
650 |a Identidad Cultural 
910 |a Fondo General 
920 |a Impresos - Libros 
930 |a Colección General 
940 |a Literatura 
905 |a 101 
901 |a 0500405601  |b IT1  |c LIT  |i C184791  |u 20250521 
902 |a https://opac.biblio.iteso.mx/vufind/Record/000579298